Základní
MARC
Záznam Personal Name
Počet záznamů používajících tuto autoritu: 1
001 - CONTROL NUMBER
- control field: 20710
003 - CONTROL NUMBER IDENTIFIER
- control field: ABG508
005 - DATE AND TIME OF LATEST TRANSACTION
- control field: 20260422105812.0
008 - FIXED-LENGTH DATA ELEMENTS
- fixed length control field: 260422|| aca||aabn | a|a d
040 ## - CATALOGING SOURCE
- Original cataloging agency: ABG508
- Transcribing agency: ABG508
100 ## - HEADING--PERSONAL NAME
- Personal name: Sommer, David,
- Dates associated with a name: 1994-
670 ## - SOURCE DATA FOUND
- Source citation: Work cat.: (ABG508)34214: Sojková, Inka xx0338231 aut 20709, Jsme hmyz /